000 00733nam a2200217Ia 4500
001 9333
003 GE_BSU
008 181216s||||||||xx |||||||||||||| ||und||
040 _cGE_BSU
100 _aმაისურაძე,ელიზბარ
245 _aსევასტოპოლის დღეები
245 _bმოთხრობები
245 _cრედ. მ.ამაშუკელი.მხატვ.გ.ჭუმბურიძე
260 _aთბილისი
260 _bნაკადული
260 _c1963
300 _a162გვ.22სმ.
653 _aმოთხრობები
653 _aსევასტოპოლის დღეები
942 _cBK
999 _c42629
_d42629